|
|
|
|
| LEADER |
00000nam a2200000 a 4500 |
| 001 |
UCG6411 |
| 003 |
CL-VaPUC |
| 008 |
110421e20100713CL |||||||||||||||||spa|d |
| 020 |
|
|
|a 9789563370188
|
| 082 |
0 |
4 |
|a 344.8301
|b ZAV
|2 21
|
| 100 |
|
|
|a Zavala Ortiz, José Luis
|e autor
|9 556612
|
| 245 |
1 |
0 |
|a Terminación del contrato de trabajo: causales del artículo 160 del código del trabajo. Casos y jurisprudencia
|
| 300 |
|
|
|a 531 p
|
| 942 |
|
|
|c BK
|
| 945 |
|
|
|d 20110421 00:00:00
|a jcampos
|
| 260 |
|
|
|a Santiago
|b Puntolex
|c 2010
|
| 650 |
|
7 |
|a DERECHO LABORAL
|2 CL-VaPUC
|9 15
|
| 650 |
|
0 |
|a Código del trabajo
|9 255479
|
| 650 |
|
0 |
|a Término del contrato de trabajo
|9 381003
|
| 650 |
|
0 |
|a Jurisprudencia
|9 255952
|
| 651 |
|
7 |
|a CHILE
|2 CL-VaPUC
|9 556613
|
| 583 |
|
|
|a last modification
|c 20170803 12:43:13
|k Rodrigo Vera
|
| 999 |
|
|
|c 344662
|d 344660
|
| 952 |
|
|
|0 0
|1 0
|4 0
|6 344_830100000000000_ZAV_2010
|7 0
|8 A
|9 442736
|a BIBDER
|b BIBDER
|d 2019-11-22
|i 4768264
|l 1
|o 344.8301 ZAV 2010
|p 4768264
|r 2023-01-25
|s 2020-11-05
|w 2019-11-22
|y BK
|k DER
|